Statistics for Countries of the French Empire

Click here to take the quiz!

General Stats

  • This quiz has been taken 1,906 times
    (1,480 since last reset)
  • The average score is 43 of 66

Answer Stats

Years ControlledCountry/Possession% Correct
Home countryFrance
98%
1830-1962Algeria
91%
1808-1813Spain
89%
Various, 1764-1803United States of America
89%
1806-13Germany
88%
1805-14Italy
88%
1534-1763Canada
87%
Various, 1795-1814Belgium
85%
1066, 1216-23United Kingdom
84%
1912-1956Morocco
83%
1795-1810Netherlands
83%
1881-1956Tunisia
83%
1883-1960Mali
82%
1890-1960Niger
82%
1858-1954Vietnam
82%
1900-1960Chad
80%
1893-1954Laos
79%
1807-1810Portugal
79%
1863-1954Cambodia
77%
1627-1804Haiti
77%
1677-1960Senegal
77%
1798-1813Switzerland
77%
1902-1960Mauritania
76%
1891-1958Guinea
75%
1875-1960Rep. of Congo
74%
1918-1960Togo
74%
1806-14Andorra
73%
1883-1960Benin
73%
1795-1814Luxembourg
73%
1843-1960Cote D'Ivoire
72%
1918-1960Cameroon
71%
1798-1801Egypt
71%
1793-1814Monaco
71%
1943-1951Libya
70%
1839-1960Gabon
69%
1896-1960Madagascar
69%
1920-1946Syria
69%
1861-7Mexico
68%
1905-1960Central African Republic
67%
1920-1943Lebanon
67%
1807-1815Poland
67%
1896-1960Burkina Faso
63%
1778-83Dominica
58%
1900-27Nigeria
57%
1919-1922Turkey (Cilicia)
56%
1862-1977Djibouti
55%
1866-1975Comoros
54%
1681-1857Gambia
54%
1715-1810Mauritius
54%
1756-1810Seychelles
54%
1798-1800Malta
52%
Various, 1610-15Brazil
51%
1782-84Guyana
51%
1782-84Nevis
50%
1650-1723St. Lucia
50%
1719-1763St. Vincent
49%
1795-1809Dominican Republic
45%
1650-1762Grenada
43%
1781-1793Tobago
43%
1887-1980Vanuatu
39%
1808-13Croatia
38%
1838-1853Eritrea
34%
1709Sao Tome & Principe
33%
1916-20Albania
21%
1884-5Taiwan
21%
1845-6Philippines
20%

Score Distribution

Percentile by Number Answered

Percent of People with Each Score

Your Score History

You have not taken this quiz since the last reset